000 00340nam a2200145Ia 4500
005 20240807062104.0
008 240806s9999||||xx |||||||||||||| ||eng||
041 _aeng
100 _aKopi Aving M.
245 0 _aTark shastra ek prichay /
_cKopi Aving M.
260 _bAsiya Book Com.
300 _a428
650 _aPhilosophy
942 _cBK
999 _c8080
_d8080